Concise oxford dictionary of botany (Record no. 40533)

MARC details
000 -LEADER
fixed length control field 00297nam a2200109Ia 4500
082 ## - DEWEY DECIMAL CLASSIFICATION NUMBER
Classification number 581(038)
Item number ALL
100 ## - MAIN ENTRY--AUTHOR NAME
Personal name Allaby, Michael
245 #0 - TITLE STATEMENT
Title Concise oxford dictionary of botany
260 ## - PUBLICATION, DISTRIBUTION, ETC. (IMPRINT)
Place of publication New York
Name of publisher Oxford University Press
Year of publication 1992
942 ## - ADDED ENTRY ELEMENTS (KOHA)
Koha item type Books
Holdings
Withdrawn status Lost status Damaged status Not for loan Home library Current library Date acquired Cost, normal purchase price Full call number Accession Number Koha item type
        RRII Library RRII Library 16/12/2021 18.95 581(038) ALL 20832 Books